Public utility held liable for property flooding (Record no. 69909)
[ view plain ]
| 000 -LEADER | |
|---|---|
| fixed length control field | 01632cam a2200265 4500 |
| 001 - CONTROL NUMBER | |
| control field | WB3812-04 |
| 008 - FIXED-LENGTH DATA ELEMENTS--GENERAL INFORMATION | |
| fixed length control field | 020404n2002 000 0 eng u |
| 035 ## - SYSTEM CONTROL NUMBER | |
| System control number | (Sirsi) u117343 |
| 245 ## - TITLE STATEMENT | |
| Title | Public utility held liable for property flooding |
| 260 ## - PUBLICATION, DISTRIBUTION, ETC. | |
| Date of publication, distribution, etc. | 2002 |
| 490 ## - SERIES STATEMENT | |
| Series statement | Estates Gazette |
| Volume/sequential designation | (0213) 30 March 2002, 97(1) |
| 520 ## - SUMMARY, ETC. | |
| Summary, etc. | Public or privatised statutory undertakers, whose activities caused damage or loss to people in the vicinity, have usually been sympathetically viewed by the law. CA has recently ruled however that traditional common law position has changed, after 'Marcic v Thames Water Utilities Ltd' 2002. It concluded that flooding from inadequate sewer can lead to liability in nuisance, where Thames Water had neglected to maintain a programme of flood-relief works which gave priority to houses at risk of internal flooding, whereas this property was damaged externally. Both parties appealed against first ruling to reject householders claims, but award compensation under Human Rights Act 1998. CA found that defendant had a duty of care to try to abate a nuisance. Sewerage authorities may now have to act positively on overloaded sewers. |
| 590 ## - LOCAL NOTE (RLIN) | |
| Local note | WB |
| 650 ## - SUBJECT ADDED ENTRY--TOPICAL TERM | |
| Topical term or geographic name entry element | MARCIC V THAMES WATER UTILITIES LTD |
| 650 ## - SUBJECT ADDED ENTRY--TOPICAL TERM | |
| Topical term or geographic name entry element | RYLANDS V FLETCHER |
| 650 ## - SUBJECT ADDED ENTRY--TOPICAL TERM | |
| Topical term or geographic name entry element | HUMAN RIGHTS ACT 1998 |
| 650 ## - SUBJECT ADDED ENTRY--TOPICAL TERM | |
| Topical term or geographic name entry element | WATER INDUSTRY ACT 1991 |
| 650 ## - SUBJECT ADDED ENTRY--TOPICAL TERM | |
| Topical term or geographic name entry element | LEAKEY V NATIONAL TRUST |
| 650 ## - SUBJECT ADDED ENTRY--TOPICAL TERM | |
| Topical term or geographic name entry element | SMEATON V ILFORD CORPORATION |
| 650 ## - SUBJECT ADDED ENTRY--TOPICAL TERM | |
| Topical term or geographic name entry element | DUNNE V NORTH WESTERN GAS BOARD |
| 650 ## - SUBJECT ADDED ENTRY--TOPICAL TERM | |
| Topical term or geographic name entry element | THAMES WATER |
| 650 ## - SUBJECT ADDED ENTRY--TOPICAL TERM | |
| Topical term or geographic name entry element | GLOSSOP V HESTON AND ISLEWORTH LOCAL BOARD |
| 690 ## - LOCAL SUBJECT ADDED ENTRY--TOPICAL TERM (OCLC, RLIN) | |
| Topical term or geographic name as entry element | BUILDING AND CONSTRUCTION-CASE LAW |
| 942 ## - ADDED ENTRY ELEMENTS (KOHA) | |
| Suppress in OPAC | 0 |
| Withdrawn status | Lost status | Source of classification or shelving scheme | Damaged status | Not for loan | Home library | Current library | Shelving location | Date acquired | Total Checkouts | Full call number | Barcode | Date last seen | Copy number | Price effective from | Koha item type |
|---|---|---|---|---|---|---|---|---|---|---|---|---|---|---|---|
| Dewey Decimal Classification | London | London | News article | 04/04/2002 | WB3812-04 | 117343-1001 | 06/08/2019 | 1 | 06/08/2019 | News article |